| 000 | 01605nam a2200313Ia 4500 | ||
|---|---|---|---|
| 999 |
_c54906 _d54906 |
||
| 001 | 21976 | ||
| 003 | GE_BSU | ||
| 005 | 20220920163743.0 | ||
| 008 | 181216s ||||ge |||||||||||||| ||geo|| | ||
| 020 | _a9994074407 | ||
| 040 | _cGE_BSU | ||
| 041 | _ageo | ||
| 080 | _a27-87 ხ-20 | ||
| 100 |
_aხალვაში, რამაზ _92151 |
||
| 245 |
_aტბელ აბუსერისძის "გალობანი მწვალებელთა შეჩუენებისანი / _cრამაზ ხალვაში ; რედ. რევაზ სირაძე. |
||
| 264 |
_aთბილისი : _bქართული წიგნი, _c2003. |
||
| 300 |
_a144 გვ. ; _c20 სმ. |
||
| 501 | _aკომენტარები გვ. : 68-132 | ||
| 504 | _a ბიბლიოგრაფია ტექსტის შენიშვნებში | ||
| 541 | _h10ლ. | ||
| 653 | _aტბელ აბუსერისძე | ||
| 653 | _a გალობანი | ||
| 653 | _a მწვალებლების გადაცემა ანათემაზე | ||
| 653 | _a დიდმარხვის დროს შესასრულებელი ჰიმნოგრაფიული კანონი | ||
| 653 | _aრელიგია | ||
| 653 | _aტბელ აბუსერისძის "გალობანი მწვალებელთა შეჩუენებისანი | ||
| 700 |
_aსირაძე, რევაზ _eრედაქტორი _95771 |
||
| 942 |
_cBK _2udc |
||